000
00191 a2200097 4500
001
602
100
_a
Glickstein,C
245
_a
Basic Altrasonics
260
_a
_b
Rider
_c
090
_c
202
_d
202
942
_a
NUST-CAE
_c
M
_c
11336
999
_c
235675
_d
235675